| 000 | 01080nam0a22002531 4500 | ||
|---|---|---|---|
| 001 | rc\2725918 | ||
| 005 | 20260406171036.0 | ||
| 035 | _a(NLR Aleph) 006853397 | ||
| 090 |
_a6771048 _c6771048 |
||
| 100 | _a20110915d1943 u y0rusy50 ca | ||
| 101 | 0 | _arus | |
| 102 | _aRU | ||
| 105 | _ay z ||||| | ||
| 200 | 1 |
_aЦенник для учета ущерба, причиненного немецко-фашистскими захватчиками и их сообщниками предприятиям Наркомугля _fНар. ком. угол. пром. СССР |
|
| 210 |
_aМосква _aЛенинград _cГостоптехиздат _d1943 _eМосква |
||
| 215 |
_a28 с., без обл. _d21 см. |
||
| 710 | 0 | 1 |
_aСССР _bНародный комиссариат угольной промышленности _3RU\NLR\AUTH\889938452 _9371749 |
| 801 | 0 |
_aRU _bNLR _gpsbo |
|
| 801 | 1 |
_aRU _bELAR _2rusmarc |
|
| 852 |
_aNLR _jЭк90 Г-4/231 |
||
| 942 | _cBOOK | ||
| 945 | _aРоссийская национальная библиотека | ||
| 980 | _aNB | ||
| 980 | _aBV | ||